Psychopédagogie de l'orientation professionnelle
-д хадгалсан:
| Үндсэн зохиолч: | |
|---|---|
| Формат: | Ном |
| Хэл сонгох: | франц |
| Хэвлэсэн: |
París
Presses Universitaires de France
1957
|
| Цуврал: | Nouvelle Encyclopédie Pédagogique
|
| Нөхцлүүд: | |
| Шошгууд: |
Шошго нэмэх
Шошго байхгүй, Энэхүү баримтыг шошголох эхний хүн болох!
|
MARC
| LEADER | 00000nam a2200000 a 4500 | ||
|---|---|---|---|
| 001 | UCU1567 | ||
| 003 | CL-VaPUC | ||
| 008 | 960409e19570000FR |||||||||||||||||fre|d | ||
| 082 | 0 | 4 | |a 371.404 |b LEO |2 21 |
| 100 | |a Léon, Antoine |e author |9 357202 | ||
| 245 | 1 | 0 | |a Psychopédagogie de l'orientation professionnelle |
| 300 | |a 131 p | ||
| 942 | |c BK | ||
| 945 | |d 19960409 00:00:00 |a lriquelm | ||
| 260 | |a París |b Presses Universitaires de France |c 1957 | ||
| 650 | 7 | |a ORIENTACION EDUCACIONAL |2 CL-VaPUC |9 312512 | |
| 650 | 0 | |a Orientación profesional |9 308504 | |
| 650 | 0 | |a Psicología social |9 222894 | |
| 651 | 0 | |a Francia |9 255157 | |
| 583 | |a last modification |c 19960409 00:00:00 |k Rodrigo Vera | ||
| 490 | 0 | |a Nouvelle Encyclopédie Pédagogique | |
| 999 | |c 246129 |d 246127 | ||
| 952 | |0 0 |1 0 |4 0 |6 371_404000000000000_LEO_1957 |7 0 |8 P |9 260877 |a BIBEDU |b BIBEDU |c BIBEDU_PB |d 2019-11-19 |i 2015854 |o 371.404 LEO 1957 |p 2015854 |r 2024-01-25 |w 2019-11-19 |y BK |k EDU | ||